Entry Personal Name
Number of records used in: 2
001 - CONTROL NUMBER
003 - CONTROL NUMBER IDENTIFIER
005 - DATE AND TIME OF LATEST TRANSACTION
- control field:
20231027153457.0
008 - FIXED-LENGTH DATA ELEMENTS
- fixed length control field:
800915n| azannaabn |a aaa
010 ## - LIBRARY OF CONGRESS CONTROL NUMBER
- LC control number:
n 80117441
035 ## - SYSTEM CONTROL NUMBER
- System control number:
(OCoLC)oca00498077
040 ## - CATALOGING SOURCE
- Original cataloging agency:
DLC
- Language of cataloging:
eng
- Transcribing agency:
DLC
- Description conventions:
rda
- Modifying agency:
DLC
- Modifying agency:
OCoLC
- Modifying agency:
DLC
046 ## - SPECIAL CODED DATES
- Birth date:
1896-03-23
- Death date:
1982-02-12
- Source of date scheme:
edtf
053 #0 - LC CLASSIFICATION NUMBER
- Classification number element--single number or beginning number of span:
PL4718.9.B54
100 1# - HEADING--PERSONAL NAME
- Personal name:
Bhaṭṭatirippāṭ, Vi. Ṭi.,
- Dates associated with a name:
1896-1982
370 ## - ASSOCIATED PLACE
- Place of birth:
Mezhathoor (India)
- Source of term:
naf
372 ## - FIELD OF ACTIVITY
- Field of activity:
Literature
- Field of activity:
Social problems
- Source of term:
lcsh
374 ## - OCCUPATION
- Occupation:
Authors
- Source of term:
lcsh
375 ## - GENDER
- Gender:
Males
- Source of term:
lcdgt
377 ## - ASSOCIATED LANGUAGE
400 1# - SEE FROM TRACING--PERSONAL NAME
- Control subfield:
nnea
- Personal name:
Bhattathiripad, V. T.,
- Dates associated with a name:
1896-
400 1# - SEE FROM TRACING--PERSONAL NAME
- Personal name:
Bhattathiripad, V. T. Raman,
- Dates associated with a name:
1896-1982
400 1# - SEE FROM TRACING--PERSONAL NAME
- Personal name:
Raman Bhattathiripad, V. T.,
- Dates associated with a name:
1896-1982
400 1# - SEE FROM TRACING--PERSONAL NAME
- Personal name:
Ṭi., Vi.,
- Dates associated with a name:
1896-1982
400 0# - SEE FROM TRACING--PERSONAL NAME
- Personal name:
Vi. Ṭi.,
- Dates associated with a name:
1896-1982
400 0# - SEE FROM TRACING--PERSONAL NAME
- Personal name:
V.T.,
- Dates associated with a name:
1896-1982
670 ## - SOURCE DATA FOUND
- Source citation:
His Satyamennatȧ iviṭe manuṣyanākunnu, 1967.
670 ## - SOURCE DATA FOUND
- Source citation:
Aśokan, Matr̲aṅkōṭṭȧ. Vi. Ti. etirppilute, 1982:
- Information found:
t.p. (Vi. Ṭi.) p. 14, etc. (Vi. Ṭi. Bhaṭṭatirippāṭ, b. 3/23/1896, d. 2/12/1982)
670 ## - SOURCE DATA FOUND
- Source citation:
My tears, my dreams, 2013:
- Information found:
t.p. (V.T. Bhattathiripad) jkt. (1896-1982; writer and social reformer)
670 ## - SOURCE DATA FOUND
- Source citation:
Ampalaṅṅaḷkk tī koḷuttuka, Vi. Ṭi Bhaṭṭatirippāṭ, February 2017:
- Information found:
p. 63 (born in Mezhathoor, Kerala, India on March 23, 1896; Malayalam author and social reformer) p. 62 (died on February 12, 1982)